000 00467nam a22001817a 4500
003 MPLRDC
005 20220104144356.0
008 210129b ||||| |||| 00| 0 eng d
082 _a229.1 SXY c.3
100 _a星云大师
245 _a释迦牟尼佛传
_c
250 _a再版12刷
260 _a马来西亚
_b佛光文化
_c1994
300 _b152
490 _a佛光史传丛书: 3200
650 _a佛教传记--释迦牟尼
942 _cBK
_o229.1 SXY c.3
999 _c49004
_d48994